000 00675nam a2200217 i 4500
001 37241
003 ES-MaACL
007 t|
008 030220s1974 sp ||||1| spa d
020 _a84-335-6346-7
100 1 _aBuckley, Ruth V.
_932327
245 1 0 _aFundamentos de servosistemas /
_cRuth V. Buckley ; traducción, Lorenzo Amengual Pizá.
250 _a1ª ed.
260 _aBarcelona :
_bLabor,
_c1974.
300 _a155 p. ;
_c20 cm.
490 1 _aNuevos manuales técnicos Labor ;
_v26
700 1 _aAmengual Pizá, Lorenzo.
_921202
830 0 _aNuevos manuales técnicos Labor ;
_v26
_9181525
852 _aES-MaACL
_jL-9888
_bR.112145
999 _c37241
_d37241